Paroles - Parler à mon père - Céline Dion - Statistiques

Statistiques générales
  • Ce quiz a été pris 612 fois
  • Le résultat moyen est 241 sur 289
Statistiques - réponses
Paroles % Correct
Je
100%
je
100%
voudrais
100%
à
99%
a
99%
mon
99%
la
98%
le
98%
de
97%
De
97%
me
97%
parler
97%
Parler
97%
père
97%
ma
96%
un
96%
Pour
95%
pour
95%
Et
94%
et
94%
93%
93%
Ou
93%
instant
91%
Pas
91%
pas
91%
temps
91%
cœur
89%
tout
89%
Une
88%
Mais
87%
avant
84%
mes
84%
soupir
84%
après
83%
dans
83%
est
83%
oublier
83%
partir
83%
vie
83%
Au
82%
au
82%
parenthèse
82%
pousse
82%
ce
80%
des
79%
passé
79%
place
79%
Terre
79%
jardin
78%
lune
78%
ni
77%
plus
77%
que
77%
secret
77%
beau
76%
décrocher
76%
course
75%
grand
75%
même
75%
bateau
73%
sauver
73%
j'ai
72%
Les
72%
les
72%
l'or
71%
retrouver
70%
qui
69%
voyages
69%
chaud
68%
garder
67%
traces
67%
aller
66%
vers
66%
bien
65%
rêve
65%
images
64%
remplirai
64%
vol
64%
goéland
63%
l'inconnu
63%
parfums
63%
mémoire
62%
d'un
61%
vu
61%
avec
60%
Qu'il
59%
n'y
58%
toi
58%
creux
57%
Croiser
57%
interdit
56%
Trouver
56%
trouver
56%
Penser
54%
pourquoi
54%
m'ont
53%
ceux
52%
choisir
52%
l'océan
52%
vous
52%
appris
51%
rassure
49%
vois
49%
aux
47%
couleurs
45%
lignes
45%
décor
44%
pures
44%
rêver
44%
tableaux
44%
passer
42%
voix
41%
chercher
39%
m'asseoir
39%
Toujours
39%
freiner
38%
l'inaccessible
36%
l'impossible
34%
espérer
32%
Aucun quiz correspondant
Distribution des résultats
% des personnes avec chaque résultat
Percentile par nombre de réponses
Votre historique - résultats
Vous n’avez pas pris ce quiz